000
00416nam a2200169Ia 4500
008
090711s9999 xx 000 0 und d
082
_b
58343
100
_a
थोरे अशोक
245
_a
लालसा
260
_c
1986
300
_a
230
600
_a
थोरे अशोक
630
_a
लालसा
700
_a
थोरे अशोक
730
_a
लालसा
942
_c
BOOK
999
_c
303618
_d
303618